000 00653nam a2200217Ia 4500
003 BUBTL
008 151213s9999 xx 000 0 und d
020 _a812192555X
082 _a621.381/ T3434b/ 2007
100 _aTheraja, B.L.
_9346
245 _aBasic Electronics Solid State /
_cB.L.Theraja
250 _a1st Edn.
260 _aNew Delhi,
_bS.Chand & Company,
_cc2007
300 _axx, 715 p.:
_c23 cm.
500 _aIncludes Index
505 _aBasic Electronics Solid State, Electronics, Solid State, B.L.Theraja
650 0 _aElectrical and Electronic Engineering
_94295
856 _k0
_l0
_yDownload
942 _2ddc
_cBK
999 _c3204
_d3204